| 000 | 00885nam a2200217 i 4500 | ||
|---|---|---|---|
| 001 | 128661 | ||
| 003 | ES-MaACL | ||
| 005 | 20251013234906.0 | ||
| 007 | t| | ||
| 008 | 070522s1932 sp ||||1| spa d | ||
| 100 | 1 |
_aTasso, Torquato ( _d1544-1595) _9109373 |
|
| 245 | 1 | 0 |
_aJerusalén libertada / _cTorquato Tasso ; edición ilustrada con numerosas láminas fuera de texto, ejecutadas en 1745 por Juan Bautista Piazzetta ; [traducción de J. Rubio]. |
| 260 |
_aBarcelona : _bIberia, _c1932. |
||
| 300 |
_a142 p., 20 lám. : _bil. ; _c27 cm. |
||
| 490 | 1 | _aLas grandes obras maestras de la literatura universal | |
| 700 | 1 |
_aRubió y Ors, Joaquín, _d1818-1899 _9132151 |
|
| 700 | 1 |
_aPiazzetta, Giovanni Battista, _d1683-1754 _9164154 |
|
| 830 | 0 | 4 |
_aLas grandes obras maestras de la literatura universal _9184846 |
| 852 |
_aES-MaACL _jA-1178 |
||
| 999 |
_c128661 _d128661 |
||